000 00683nam a2200289Ia 4500
005 20260324131746.0
008 008 260324s9999 xx 000 0 eng d
020 _a9780080477794
037 _aEBOOK
040 _aCRL
040 _beng
040 _cCRL
041 _2eng
041 _aeng
084 _qCRL
100 _aRick Young
_91173516
245 0 _aFocal Easy Guide to DVD Studio Pro 3
245 0 _bFor new users and professionals
260 _bTaylor and Francis
260 _c2005
365 _a
365 _b300
856 _uhttp://www.taylorfrancis.com/books/9780080477794
942 _cEBOOK
999 _c1784187
_d1784187